[Event "SF Kirchhellen 1 - SF Brackel 2"]
[Site "Verbandsklasse, Gruppe 2 2017"]
[Date "2017.10.08"]
[Round "2.1"]
[White "Bree, Thomas"]
[Black "Sinnwell, Horst"]
[Result "1-0"]
[WhiteElo "2010"]
[BlackElo "2076"]
[PlyCount "115"]
[EventDate "2017.??.??"]

1. d4 e6 2. Nf3 d5 3. c4 Nf6 4. Nc3 h6 5. Bf4 Bd6 6. Bg3 Bxg3 7. hxg3 a6 8.
cxd5 exd5 9. Qc2 Nc6 10. e3 Ne7 11. Bd3 c6 12. O-O O-O 13. Na4 Qd6 14. Nc5 b6
15. Na4 Nd7 16. Rfc1 Bb7 17. Rab1 b5 18. Nc5 Nxc5 19. Qxc5 Rfd8 20. Qxd6 Rxd6
21. Nd2 a5 22. Nf3 Bc8 23. Rc5 Bf5 24. Bxf5 Nxf5 25. Rbc1 Ra6 26. Ne5 Ne7 27.
Kf1 f6 28. Nd3 Kf7 29. a4 b4 30. R5c2 Rd8 31. Nc5 Ra7 32. Ke2 Nc8 33. Nb3 Ne7
34. Rc5 Rda8 35. g4 Ke6 36. Kd3 Kd6 37. Nd2 Ra6 38. Nf3 Rf8 39. Ke2 Re8 40. Kd3
Rf8 41. Nd2 Re8 42. Nb3 Rea8 43. Rh1 Nc8 44. Rhc1 Ne7 45. f3 Ng6 46. g3 Ne7 47.
Re1 Nc8 48. e4 Nb6 49. e5+ Kd7 50. Rc2 R6a7 51. Nc5+ Ke7 52. exf6+ Kxf6 53.
Re6+ Kf7 54. Rxc6 Rb8 55. b3 Re7 56. Re2 Nc8 57. Rxe7+ Nxe7 58. Ra6 1-0

[Event "SF Kirchhellen 1 - SF Brackel 2"]
[Site "Verbandsklasse, Gruppe 2 2017"]
[Date "2017.10.08"]
[Round "2.2"]
[White "Hoffterheide, Thomas"]
[Black "Al Tarboush, Hussam"]
[Result "1-0"]
[WhiteElo "2003"]
[BlackElo "1996"]
[PlyCount "131"]
[EventDate "2017.??.??"]

1. e4 c6 2. d4 d5 3. e5 Bf5 4. h4 h6 5. g4 Bd7 6. Nc3 e6 7. f4 c5 8. Nf3 Qb6 9.
Ne2 cxd4 10. Nexd4 Bc5 11. c3 Nc6 12. Rh2 Nge7 13. Be3 a5 14. Rd2 f6 15. exf6
gxf6 16. Bf2 e5 17. fxe5 Nxe5 18. Nxe5 fxe5 19. Nf5 Nxf5 20. gxf5 Bxf2+ 21.
Rxf2 Qe3+ 22. Qe2 Qxe2+ 23. Bxe2 O-O-O 24. O-O-O Bc6 25. Bh5 Be8 26. Bg6 h5 27.
Rg1 Rd6 28. Rg5 Kd8 29. f6 Bxg6 30. Rxg6 Rf8 31. Rg5 Rfxf6 32. Rxf6 Rxf6 33.
Rxe5 Rd6 34. Rxh5 b6 35. Kc2 Kd7 36. Rg5 d4 37. c4 d3+ 38. Kd2 Rf6 39. Rb5 Kc6
40. h5 Rf3 41. a3 Rh3 42. b4 axb4 43. axb4 Kc7 44. Rg5 Kb7 45. Rd5 Kc6 46. Rf5
Kb7 47. Kc3 Ka6 48. Rf6 Rxh5 49. c5 Rh3 50. Rxb6+ Ka7 51. Rd6 d2+ 52. Kxd2 Rb3
53. Rd4 Ka6 54. Rd6+ Ka7 55. Rb6 Rh3 56. Kc2 Rg3 57. Rd6 Rh3 58. Rd3 Rh1 59.
Kb3 Rh7 60. Kc4 Kb7 61. Kb5 Rg7 62. c6+ Kc7 63. Rd7+ Rxd7 64. cxd7 Kxd7 65. Kb6
Kc8 66. Ka7 1-0

[Event "SF Kirchhellen 1 - SF Brackel 2"]
[Site "Verbandsklasse, Gruppe 2 2017"]
[Date "2017.10.08"]
[Round "2.3"]
[White "Borchert, Louis"]
[Black "Borgs, Martin"]
[Result "1/2-1/2"]
[WhiteElo "1960"]
[BlackElo "1975"]
[Annotator "Daniel"]
[PlyCount "62"]
[EventDate "2017.??.??"]

1. e4 c5 2. c3 d5 3. exd5 Qxd5 4. d4 Nf6 5. Nf3 e6 6. Na3 a6 7. Nc4 Nbd7 8. Bd3
cxd4 9. cxd4 Bb4+ 10. Bd2 Bxd2+ 11. Qxd2 O-O 12. O-O b5 13. Ne3 Qd6 14. a4 Rb8
15. axb5 axb5 16. Ra5 Bb7 $11 17. Bxb5 Bxf3 18. gxf3 Nb6 19. Bc4 Qf4 20. Be2
Rfd8 21. Rd1 Qd6 22. b4 Nfd5 23. Nxd5 Nxd5 24. b5 h6 25. Ra6 Qe7 26. Bc4 Qh4
$11 27. Rc6 Nf4 28. Rc5 Nh3+ 29. Kg2 Nf4+ 30. Kh1 Nh3 31. Kg2 Nf4+ 1/2-1/2

[Event "SF Kirchhellen 1 - SF Brackel 2"]
[Site "Verbandsklasse, Gruppe 2 2017"]
[Date "2017.10.08"]
[Round "2.4"]
[White "Schlueter, Christoph"]
[Black "Althoff, Ralph"]
[Result "1/2-1/2"]
[WhiteElo "1953"]
[BlackElo "1967"]
[PlyCount "39"]
[EventDate "2017.??.??"]

1. d4 d5 2. c4 e6 3. Nf3 Nf6 4. g3 Bb4+ 5. Bd2 Be7 6. Bg2 O-O 7. O-O Nbd7 8.
Qc2 c5 9. Rd1 Ne4 10. Be1 Ndf6 11. Nc3 Qb6 12. Na4 Qc7 13. dxc5 Nxc5 14. cxd5
Nxd5 15. Rac1 Nxa4 16. Qxa4 Qb6 17. e4 Nf6 18. Bc3 Rd8 19. Rxd8+ Qxd8 20. Ne5
1/2-1/2

[Event "SF Kirchhellen 1 - SF Brackel 2"]
[Site "Verbandsklasse, Gruppe 2 2017"]
[Date "2017.10.08"]
[Round "2.5"]
[White "Schwiddessen, Jan"]
[Black "Schueppel, Werner"]
[Result "0-1"]
[WhiteElo "1901"]
[BlackElo "1942"]
[PlyCount "42"]
[EventDate "2017.??.??"]

1. Nf3 g6 2. d4 Bg7 3. c4 d6 4. Nc3 Nd7 5. e4 e5 6. Be2 Ne7 7. O-O O-O 8. d5 h6
9. Ne1 f5 10. exf5 gxf5 11. Nd3 Nf6 12. Re1 a6 13. a4 Qe8 14. a5 Qg6 15. Qb3
Kh8 16. c5 f4 17. cxd6 cxd6 18. Nb4 Bh3 19. g3 Ng4 20. Nd1 Qe4 21. f3 Qd4+ 0-1

[Event "SF Kirchhellen 1 - SF Brackel 2"]
[Site "Verbandsklasse, Gruppe 2 2017"]
[Date "2017.10.08"]
[Round "2.6"]
[White "Belitz, Marco"]
[Black "Bense, Dirk"]
[Result "1/2-1/2"]
[WhiteElo "1835"]
[BlackElo "1914"]
[PlyCount "35"]
[EventDate "2017.??.??"]

1. e4 c5 2. Nf3 Nc6 3. d4 cxd4 4. Nxd4 e5 5. Nb5 d6 6. N1c3 a6 7. Na3 Be7 8.
Be2 Nf6 9. Bg5 b5 10. Bxf6 Bxf6 11. Nd5 Bg5 12. O-O O-O 13. c4 b4 14. Nc2 a5
15. Nce3 Nd4 16. Nc2 Nc6 17. Nce3 Nd4 18. Nc2 1/2-1/2

[Event "SF Kirchhellen 1 - SF Brackel 2"]
[Site "Verbandsklasse, Gruppe 2 2017"]
[Date "2017.10.08"]
[Round "2.8"]
[White "Langer, Raimund"]
[Black "Strathoff, Dirk"]
[Result "1/2-1/2"]
[WhiteElo "1764"]
[BlackElo "1905"]
[PlyCount "100"]
[EventDate "2017.??.??"]

1. e4 c5 2. Nf3 Nc6 3. d4 cxd4 4. Nxd4 e5 5. Nb5 d6 6. N1c3 a6 7. Na3 Nf6 8.
Bg5 Be7 9. Bxf6 Bxf6 10. Nd5 O-O 11. c3 Bg5 12. Nc4 b5 13. Ncb6 Rb8 14. Nxc8
Rxc8 15. h4 Bh6 16. g3 Ne7 17. Nxe7+ Qxe7 18. Bh3 Rc5 19. Qd3 Qc7 20. Rd1 Rd8
21. O-O g6 22. a3 Qc6 23. Bg2 Qc8 24. Qf3 Qe6 25. g4 Qb3 26. g5 Bg7 27. Rd2 Qe6
28. Rfd1 f6 29. Rd5 Rxd5 30. Rxd5 fxg5 31. hxg5 Kh8 32. Bh3 Qe7 33. Qg3 Rf8 34.
Rd3 Rf4 35. f3 Bf8 36. Kf2 Qd8 37. Rd1 Be7 38. Rg1 h6 39. Ke2 Bxg5 40. Be6 a5
41. Bd5 Rh4 42. Rd1 Kg7 43. Qg1 Qc7 44. Bb3 Bf4 45. Kf1 Rh2 46. Qg4 Qa7 47. Rd4
Rxb2 48. Bd5 Bc1 49. Qe6 exd4 50. Qg8+ Kf6 1/2-1/2

[Event "SK Sodingen/Castrop 3 - SV Horst-Emsche"]
[Site "Verbandsklasse, Gruppe 2 2017"]
[Date "2017.10.08"]
[Round "2.1"]
[White "Patzer, Joerg"]
[Black "Zobiegala, Christoph"]
[Result "1/2-1/2"]
[WhiteElo "1887"]
[BlackElo "1880"]
[PlyCount "45"]
[EventDate "2017.??.??"]

1. d4 Nf6 2. Nf3 d5 3. Bf4 c5 4. c3 Qb6 5. Qb3 c4 6. Qxb6 axb6 7. Nbd2 Nc6 8.
a3 b5 9. Rc1 Bf5 10. e3 Nd7 11. Nh4 Bg4 12. f3 Bh5 13. g4 Bg6 14. Nxg6 hxg6 15.
Bg2 e5 16. Bg3 exd4 17. exd4 Nb6 18. O-O Kd7 19. f4 Bd6 20. Nf3 f6 21. Rc2 Rae8
22. Rcf2 Ne7 23. Ne1 1/2-1/2

[Event "SK Sodingen/Castrop 3 - SV Horst-Emsche"]
[Site "Verbandsklasse, Gruppe 2 2017"]
[Date "2017.10.08"]
[Round "2.2"]
[White "Lucke, Thomas"]
[Black "Hiebsch, Catalina"]
[Result "1/2-1/2"]
[WhiteElo "1827"]
[BlackElo "1798"]
[PlyCount "63"]
[EventDate "2017.??.??"]

1. d4 d5 2. Nf3 Nf6 3. g3 e6 4. c4 c6 5. Bg2 Be7 6. O-O O-O 7. Nc3 b6 8. Ne5
Bb7 9. e4 dxc4 10. Nxc4 Ba6 11. b3 b5 12. Ne3 b4 13. Ne2 Bxe2 14. Qxe2 Qxd4 15.
Bb2 Qb6 16. Rac1 Nbd7 17. Rfd1 Rac8 18. Nc4 Qb5 19. Qc2 Qb8 20. h3 e5 21. Qe2
Rfd8 22. Rd2 Ne8 23. Rcd1 Qc7 24. h4 Nef6 25. Bh3 h5 26. Bxd7 Nxd7 27. Qxh5 f6
28. Qe2 Nc5 29. f3 Rxd2 30. Rxd2 Rd8 31. Kf2 a5 32. Ne3 1/2-1/2

[Event "SK Sodingen/Castrop 3 - SV Horst-Emsche"]
[Site "Verbandsklasse, Gruppe 2 2017"]
[Date "2017.10.08"]
[Round "2.3"]
[White "Verfuerth, Christian"]
[Black "Balke, Reiner"]
[Result "1/2-1/2"]
[WhiteElo "1877"]
[BlackElo "1837"]
[Annotator "Daniel"]
[PlyCount "118"]
[EventDate "2017.??.??"]

1. d4 Nf6 2. Nf3 g6 3. Nc3 Bg7 4. e4 d6 5. Be3 O-O 6. Qd2 Nbd7 7. Bh6 e5 8.
O-O-O exd4 9. Nxd4 Re8 10. Bxg7 Kxg7 11. f3 Nb6 12. g4 Be6 13. h4 h5 14. gxh5
Nxh5 15. Nxe6+ Rxe6 16. Bh3 Re8 17. Bg4 Rh8 18. Ne2 Qf6 19. Qg5 Rae8 20. Bxh5
Rxh5 21. Qxf6+ Kxf6 22. Ng3 Rh7 23. h5 Reh8 24. hxg6 Rxh1 25. Rxh1 Rxh1+ 26.
Nxh1 fxg6 27. Nf2 d5 28. exd5 $11 Nxd5 29. Kd2 Kf5 30. Nd3 a5 31. a4 b6 32. Ke2
c5 33. b3 g5 34. Nb2 Ke5 35. Nc4+ Kd4 36. Kd2 Ne7 37. Nxb6 Nc6 38. c3+ Ke5 39.
Ke3 Ke6 40. Ke4 Ne5 41. Nc4 Nc6 42. Nb2 Ne7 43. Nd3 Kd6 44. Ne5 Ke6 45. c4 Nf5
$11 46. Nc6 Nd6+ 47. Ke3 Nb7 48. Kf2 Kd6 49. Na7 Ke5 50. Ke3 Ke6 51. Nb5 Nd8
52. Nc3 Kf5 53. Ne4 Nb7 54. Nf2 Nd8 55. Nd3 Ne6 56. Kf2 Kf6 57. Kg3 Kf5 58. Kf2
Kf6 59. Ke3 Kf5 1/2-1/2

[Event "SK Sodingen/Castrop 3 - SV Horst-Emsche"]
[Site "Verbandsklasse, Gruppe 2 2017"]
[Date "2017.10.08"]
[Round "2.4"]
[White "Scheibe, Werner"]
[Black "Schreiner, Paulo"]
[Result "1-0"]
[WhiteElo "1828"]
[BlackElo "1790"]
[Annotator "Daniel"]
[PlyCount "83"]
[EventDate "2017.??.??"]

1. f4 d5 2. Nf3 Nf6 3. e3 Bg4 4. d4 e6 5. c3 Be7 6. Nbd2 Nbd7 7. h3 Bf5 8. Be2
Ne4 9. Nxe4 dxe4 10. Nh2 Bh4+ 11. Kf1 Bg3 12. Bd2 Qh4 13. Be1 Nf6 14. Kg1 g5
15. Bxg3 Qxg3 16. Nf1 Qh4 17. g4 gxf4 18. exf4 O-O-O 19. Qe1 Qh6 20. g5 Qg6 21.
Ne3 h6 22. h4 Rdg8 23. Kf2 Nd5 24. Nxd5 exd5 25. Ke3 hxg5 26. hxg5 f6 27. Qg3
fxg5 28. Qxg5 Qxg5 29. fxg5 Rxh1 30. Rxh1 Rxg5 31. Rh2 Rg7 32. Kf4 Bh7 33. Ke5
c6 34. Kf6 $11 Rc7 35. b3 Kd8 36. c4 b6 37. cxd5 cxd5 38. Bb5 e3 39. Rh5 e2 40.
Rxd5+ Kc8 41. Ba6+ Rb7 42. Re5 1-0

[Event "SK Sodingen/Castrop 3 - SV Horst-Emsche"]
[Site "Verbandsklasse, Gruppe 2 2017"]
[Date "2017.10.08"]
[Round "2.5"]
[White "Konietzka, Bernd"]
[Black "Kowalczyk, Frank"]
[Result "1/2-1/2"]
[WhiteElo "1889"]
[BlackElo "1741"]
[Annotator "Daniel"]
[PlyCount "102"]
[EventDate "2017.??.??"]

1. e4 e5 2. Nf3 Nc6 3. Bc4 Bc5 4. Nc3 Nf6 5. d3 d6 6. Bg5 Nb8 7. Nd5 Nbd7 8.
Qd2 c6 9. Nxf6+ Nxf6 10. O-O b5 11. Bb3 a5 12. a4 b4 13. Rfe1 O-O 14. h3 Bb6
15. c3 bxc3 16. bxc3 Rb8 17. Rab1 Bd7 18. d4 Qe7 19. Bxf6 gxf6 20. Bc2 Kh8 21.
Red1 Bc7 22. Nh4 Rg8 23. Kh1 Qf8 24. Qe3 Qe7 25. Qh6 Rxb1 26. Rxb1 Rb8 27.
Rxb8+ Bxb8 28. Nf5 Bxf5 29. exf5 exd4 30. Qd2 dxc3 31. Qxc3 Bc7 32. Qxc6 Qe1+
33. Kh2 Qe5+ 34. g3 Qc5 35. Qxc5 dxc5 36. Bb3 Kg7 37. Kg2 Kf8 38. f4 Ke7 39.
Kf3 Bd6 $11 40. Bc4 Kd7 41. Ke4 h6 42. h4 Be7 43. Bxf7 Kd6 44. Bc4 Bd8 45. Kf3
Ke7 46. Kg4 Kf8 47. Kh5 Kg7 48. g4 Bc7 49. g5 Bxf4 50. g6 Bd2 51. Kg4 Bc3
1/2-1/2

[Event "SK Sodingen/Castrop 3 - SV Horst-Emsche"]
[Site "Verbandsklasse, Gruppe 2 2017"]
[Date "2017.10.08"]
[Round "2.6"]
[White "Tenschert, Hartmut"]
[Black "Kneip, Karl"]
[Result "1-0"]
[WhiteElo "1743"]
[BlackElo "1747"]
[PlyCount "141"]
[EventDate "2017.??.??"]

1. d4 d5 2. Bf4 Nf6 3. e3 a6 4. Nf3 Bg4 5. Be2 e6 6. h3 Bh5 7. Nbd2 c5 8. c3
Nc6 9. O-O Be7 10. Re1 O-O 11. Rc1 b5 12. Ne5 Bxe2 13. Qxe2 Nxe5 14. Bxe5 Nd7
15. Bh2 f5 16. f3 cxd4 17. exd4 Rf6 18. Kh1 Rg6 19. a4 bxa4 20. c4 Bb4 21. c5
Qg5 22. Red1 f4 23. Nb1 Rc8 24. Nc3 Bxc3 25. Rxc3 Rc6 26. Ra3 e5 27. Rxa4 exd4
28. Raxd4 Rxc5 29. Bxf4 Qf5 30. Qe8+ Nf8 31. g4 Qe6 32. Qxe6+ Nxe6 33. Ra4 Nxf4
34. Rxf4 Rd6 35. Rd2 g6 36. Kg2 Kg7 37. h4 h6 38. Kg3 Rb6 39. Rfd4 Rd6 40. f4
Kf7 41. f5 gxf5 42. gxf5 Kf6 43. Kf4 Rb6 44. Rg2 Kf7 45. h5 a5 46. Ke5 Rf6 47.
Rg6 Rxg6 48. fxg6+ Kg7 49. Rxd5 Rc2 50. Rxa5 Rxb2 51. Ra7+ Kg8 52. Ra5 Kg7 53.
Ke6 Rb6+ 54. Kd7 Rf6 55. Re5 Rf1 56. Re7+ Kg8 57. Rh7 Rd1+ 58. Ke6 Re1+ 59. Kf5
Rf1+ 60. Kg4 Rg1+ 61. Kf3 Rf1+ 62. Kg2 Rf5 63. Rxh6 Kg7 64. Rh7+ Kg8 65. Kg3
Rg5+ 66. Kf4 Rg1 67. Kf5 Rf1+ 68. Kg5 Rg1+ 69. Kh6 Rg2 70. Ra7 Kf8 71. Kh7 1-0

[Event "SK Sodingen/Castrop 3 - SV Horst-Emsche"]
[Site "Verbandsklasse, Gruppe 2 2017"]
[Date "2017.10.08"]
[Round "2.7"]
[White "Doenges, Dirk"]
[Black "Behnicke, Eckhard"]
[Result "1/2-1/2"]
[WhiteElo "1712"]
[BlackElo "1703"]
[Annotator "Daniel"]
[PlyCount "119"]
[EventDate "2017.??.??"]

1. e4 d5 2. exd5 Qxd5 3. Qf3 Nf6 4. Nc3 Qxf3 5. Nxf3 a6 6. h3 c5 7. d4 e6 8.
Bg5 Nbd7 9. O-O-O cxd4 10. Nxd4 Bc5 11. Bh4 O-O 12. g4 Ne5 $11 13. Bxf6 gxf6
14. f4 Nc6 15. Nxc6 bxc6 16. Ne4 Be3+ 17. Kb1 Bxf4 18. Nxf6+ Kh8 19. Bd3 h6 20.
h4 Be5 21. g5 Bxf6 22. gxf6 Ra7 23. Rhg1 Rg8 24. Rxg8+ Kxg8 25. Rg1+ Kf8 26.
Be4 Rc7 27. Rg7 Rd7 28. Kc1 Rd4 29. Bh7 Ke8 30. Rg8+ Kd7 31. Rf8 c5 32. Rxf7+
Kd6 33. h5 e5 34. c3 Rf4 35. Rf8 Be6 36. Bg6 Bxa2 37. f7 Kd7 38. Kd2 Bd5 39.
Ke3 Rf3+ 40. Ke2 Rf4 41. Rh8 Bxf7 42. Rh7 Ke8 43. Bxf7+ Rxf7 44. Rxh6 Rf5 45.
Ke3 Ke7 46. Ke4 Rg5 47. Rh8 Kf6 48. h6 Rg4+ 49. Kf3 Rh4 50. Ra8 e4+ 51. Kg3 Rh1
52. Rxa6+ Ke5 53. Kg2 Rh5 54. b4 e3 55. Kf3 Rh3+ 56. Ke2 cxb4 57. cxb4 Kd4 58.
Rc6 Rh2+ 59. Kf3 e2 60. Re6 1/2-1/2

[Event "SK Sodingen/Castrop 3 - SV Horst-Emsche"]
[Site "Verbandsklasse, Gruppe 2 2017"]
[Date "2017.10.08"]
[Round "2.8"]
[White "Schaefer, Michael"]
[Black "Ponto, Michael"]
[Result "1/2-1/2"]
[WhiteElo "1673"]
[BlackElo "1679"]
[PlyCount "61"]
[EventDate "2017.??.??"]

1. d4 d5 2. c4 c6 3. Nf3 Nf6 4. Nc3 h6 5. e3 Bf5 6. Qb3 Qb6 7. Qxb6 axb6 8.
cxd5 cxd5 9. Bb5+ Bd7 10. Ne5 Bxb5 11. Nxb5 Na6 12. a3 e6 13. Bd2 Rc8 14. f3
Be7 15. Bc3 O-O 16. O-O Rfd8 17. Rfc1 Ne8 18. Kf2 Nd6 19. Nxd6 Bxd6 20. Nd3 Rc7
21. Bd2 Rdc8 22. Rxc7 Rxc7 23. Rc1 Rxc1 24. Bxc1 f6 25. f4 Kf7 26. Bd2 g6 27.
Nc1 h5 28. Nd3 Be7 29. Kf3 Bd6 30. Kf2 Be7 31. Kf3 1/2-1/2

[Event "SG Höntrop 1 - SV Günnigfeld 1"]
[Site "Verbandsklasse, Gruppe 2 2017"]
[Date "2017.10.08"]
[Round "2.2"]
[White "Rostek, Joerg"]
[Black "Kuekenbrink, Christopher"]
[Result "1/2-1/2"]
[WhiteElo "1954"]
[BlackElo "1910"]
[PlyCount "29"]
[EventDate "2017.??.??"]

1. e4 Nf6 2. e5 Nd5 3. d4 d6 4. c4 Nb6 5. exd6 exd6 6. Nc3 Nc6 7. Be3 Be7 8.
Bd3 O-O 9. b3 Bf6 10. Nge2 Bg4 11. f3 Bh5 12. O-O Bg6 13. Rc1 d5 14. c5 Nc8 15.
Bxg6 1/2-1/2

[Event "SG Höntrop 1 - SV Günnigfeld 1"]
[Site "Verbandsklasse, Gruppe 2 2017"]
[Date "2017.10.08"]
[Round "2.3"]
[White "Markus, Peter"]
[Black "Drzasga, Michael"]
[Result "1/2-1/2"]
[WhiteElo "1934"]
[BlackElo "1945"]
[PlyCount "43"]
[EventDate "2017.??.??"]

1. e4 e6 2. d4 d5 3. Bd3 c5 4. exd5 Qxd5 5. Nc3 Qd8 6. Nf3 Nc6 7. Be3 cxd4 8.
Nxd4 Nf6 9. O-O Be7 10. Ne4 O-O 11. Nxc6 bxc6 12. Bg5 Nxe4 13. Bxe7 Qxe7 14.
Bxe4 Rb8 15. b3 c5 16. Qe2 Rd8 17. Rad1 Bb7 18. Rxd8+ Rxd8 19. Bxb7 Qxb7 20.
Rd1 Rd5 21. Rxd5 Qxd5 22. h3 1/2-1/2

[Event "SG Höntrop 1 - SV Günnigfeld 1"]
[Site "Verbandsklasse, Gruppe 2 2017"]
[Date "2017.10.08"]
[Round "2.4"]
[White "Jedner, Volker"]
[Black "Radi, Guenter"]
[Result "0-1"]
[WhiteElo "1832"]
[BlackElo "1891"]
[PlyCount "82"]
[EventDate "2017.??.??"]

1. d4 d5 2. Nf3 Nf6 3. c4 c6 4. Nc3 g6 5. cxd5 cxd5 6. g3 Bg7 7. Bg2 O-O 8. O-O
Nc6 9. Re1 Bf5 10. Nh4 Bg4 11. h3 Be6 12. Be3 Qd7 13. Kh2 Rfd8 14. Qd2 Rac8 15.
Nf3 Ne4 16. Qc1 Nxc3 17. bxc3 Na5 18. Bf4 Qc6 19. Bd2 Nc4 20. Bf4 Nd6 21. Ng5
Qxc3 22. Qxc3 Rxc3 23. Bxd6 Rxd6 24. Nxe6 fxe6 25. e4 Bxd4 26. exd5 Bxf2 27.
Rxe6 Rxe6 28. dxe6 Bxg3+ 29. Kg1 b6 30. Rd1 Bd6 31. Bf1 Bc5+ 32. Kh1 Kg7 33.
Rd2 Kf6 34. Re2 Bd4 35. Re4 Be5 36. Rh4 h5 37. Rb4 Kxe6 38. a4 Bd6 39. Rd4 Ke5
40. Rh4 e6 41. Bg2 Rc1+ 0-1

[Event "SG Höntrop 1 - SV Günnigfeld 1"]
[Site "Verbandsklasse, Gruppe 2 2017"]
[Date "2017.10.08"]
[Round "2.5"]
[White "Funke, Eckhard"]
[Black "Koch, Burkhard"]
[Result "1/2-1/2"]
[WhiteElo "1763"]
[BlackElo "1769"]
[Annotator "Daniel"]
[PlyCount "43"]
[EventDate "2017.??.??"]

1. d4 e6 2. c4 d5 3. Nc3 Nf6 4. cxd5 exd5 5. Bg5 Be7 6. e3 O-O 7. Qc2 c6 8. Bd3
Nbd7 9. Nf3 Re8 10. O-O h6 $11 11. Bh4 Ne4 12. Bxe7 Qxe7 13. Rab1 Ndf6 14. Nd2
Bf5 15. b4 Ng4 16. Ncxe4 dxe4 17. Be2 Qd6 18. Bxg4 Bxg4 19. Nxe4 Qg6 20. f3 Bf5
21. Qd2 Rad8 22. Rbe1 1/2-1/2

[Event "SG Höntrop 1 - SV Günnigfeld 1"]
[Site "Verbandsklasse, Gruppe 2 2017"]
[Date "2017.10.08"]
[Round "2.6"]
[White "Artz, Klaus"]
[Black "Bender, Markus"]
[Result "0-1"]
[WhiteElo "1844"]
[BlackElo "1808"]
[PlyCount "80"]
[EventDate "2017.??.??"]

1. Nf3 d5 2. d4 c6 3. e3 Bg4 4. Be2 Nd7 5. b3 e6 6. Bb2 Bd6 7. Nbd2 f5 8. h3
Bxf3 9. Nxf3 Qf6 10. Qd2 Ne7 11. h4 O-O 12. g3 b5 13. a3 a5 14. c3 Rfb8 15. b4
Nc8 16. h5 Ncb6 17. Kf1 Nc4 18. Bxc4 bxc4 19. Kg2 e5 20. dxe5 Nxe5 21. Nxe5
Qxe5 22. Qd4 Rb7 23. Qxe5 Bxe5 24. Rhd1 Kf7 25. f4 Bf6 26. Kf3 Ke6 27. g4 g6
28. hxg6 hxg6 29. Rd2 fxg4+ 30. Kxg4 Rh7 31. Rg2 a4 32. Kf3 Kf5 33. Rag1 Rh6
34. Rd1 Rah8 35. b5 Rh3+ 36. Kf2 cxb5 37. Rxd5+ Ke4 38. Rxb5 Rxe3 39. Rb6 Bh4+
40. Kg1 Re1+ 0-1

[Event "SG Höntrop 1 - SV Günnigfeld 1"]
[Site "Verbandsklasse, Gruppe 2 2017"]
[Date "2017.10.08"]
[Round "2.7"]
[White "Brinkmann, Uwe"]
[Black "Barth, Hans-Joachim"]
[Result "1-0"]
[WhiteElo "1932"]
[BlackElo "1693"]
[PlyCount "53"]
[EventDate "2017.??.??"]

1. e4 c5 2. Nc3 e6 3. g3 Nc6 4. Bg2 Nf6 5. Nge2 d5 6. exd5 exd5 7. O-O Be7 8.
d4 cxd4 9. Nxd4 O-O 10. h3 h6 11. Be3 Re8 12. Nce2 Ne4 13. c4 Bf6 14. Nxc6 bxc6
15. cxd5 cxd5 16. Bd4 Ba6 17. Re1 Qd7 18. Bxf6 Nxf6 19. Nd4 Rxe1+ 20. Qxe1 Re8
21. Qa5 Bd3 22. Rc1 Qb7 23. b3 Qb6 24. Qc3 Be4 25. Bf1 Bf5 26. Nxf5 Ne4 27.
Qxg7# 1-0

[Event "SG Höntrop 1 - SV Günnigfeld 1"]
[Site "Verbandsklasse, Gruppe 2 2017"]
[Date "2017.10.08"]
[Round "2.8"]
[White "Geistmeier, Frank"]
[Black "Brandhoff, Gerd"]
[Result "1/2-1/2"]
[WhiteElo "1738"]
[BlackElo "1804"]
[PlyCount "28"]
[EventDate "2017.??.??"]

1. d4 d5 2. c4 e6 3. Nc3 Nf6 4. Bf4 c6 5. e3 Bd6 6. Bxd6 Qxd6 7. Nf3 Nbd7 8.
Bd3 b6 9. O-O O-O 10. h3 Re8 11. Qc2 h6 12. Rad1 Ba6 13. b3 Bb7 14. e4 dxe4
1/2-1/2

[Event "SV Bochum-Linden 1 - SC Lünen Horstmar "]
[Site "Verbandsklasse, Gruppe 3 2017"]
[Date "2017.10.08"]
[Round "2.1"]
[White "Bauch, Olaf"]
[Black "Hahn, Matthias"]
[Result "0-1"]
[WhiteElo "1897"]
[BlackElo "2074"]
[PlyCount "68"]
[EventDate "2017.??.??"]

1. c4 e5 2. Nc3 Nc6 3. g3 Bc5 4. Bg2 d6 5. e3 a6 6. Nge2 Ba7 7. O-O h5 8. d4 h4
9. d5 Nce7 10. e4 hxg3 11. hxg3 Nf6 12. Qd3 Bh3 13. Bxh3 Rxh3 14. Kg2 Qd7 15.
Be3 Bxe3 16. Ng1 Rh6 17. fxe3 O-O-O 18. Kf2 Qg4 19. Ke1 Qxg3+ 20. Kd2 Qg4 21.
Nge2 Rh3 22. b4 Ng6 23. a4 Nf4 24. Nxf4 exf4 25. Rxf4 Rh2+ 26. Ne2 Qg2 27. Re1
Re8 28. Qd4 Rxe4 29. Qa7 Rxf4 30. exf4 Qe4 31. Qa8+ Kd7 32. Qxb7 Qd4+ 33. Kc2
Qxc4+ 34. Kb1 Nxd5 0-1

[Event "SV Bochum-Linden 1 - SC Lünen Horstmar "]
[Site "Verbandsklasse, Gruppe 3 2017"]
[Date "2017.10.08"]
[Round "2.2"]
[White "Boehm, Ingo"]
[Black "Seref, Serkan"]
[Result "0-1"]
[WhiteElo "2066"]
[BlackElo "1832"]
[Annotator "Daniel"]
[PlyCount "80"]
[EventDate "2017.??.??"]

1. e4 c5 2. Nf3 e6 3. d4 cxd4 4. Nxd4 Nc6 5. Nc3 Qc7 6. Ndb5 Qb8 7. Be2 a6 8.
Nd4 Nf6 9. O-O Be7 10. Be3 O-O 11. f4 d6 12. Bf3 Bd7 13. Nce2 Qc7 14. c4 Rac8
15. Rc1 Qb8 16. Qd3 Rfd8 17. b3 e5 18. Nf5 Bf8 $11 19. Rfd1 Be6 20. Bb6 Rd7 21.
Ne3 exf4 22. Nxf4 Ne5 23. Qe2 g5 24. Nfd5 Bg7 25. h3 Re8 26. Qf2 Ng6 27. Qg3 h6
28. Bd4 Bxd5 29. exd5 Nf4 30. Qf2 Ne4 31. Bxe4 Rxe4 32. Bxg7 Kxg7 33. Qb2+ Kg6
34. Ng4 Qd8 35. Qc2 f5 36. Re1 Rde7 37. Rxe4 Rxe4 38. Nf2 Re2 39. Qc3 Qe7 40.
Kf1 Rxf2+ 0-1

[Event "SV Bochum-Linden 1 - SC Lünen Horstmar "]
[Site "Verbandsklasse, Gruppe 3 2017"]
[Date "2017.10.08"]
[Round "2.3"]
[White "Titschert, Julian"]
[Black "Schreck, Roland"]
[Result "0-1"]
[WhiteElo "1812"]
[BlackElo "2111"]
[PlyCount "112"]
[EventDate "2017.??.??"]

1. d4 Nf6 2. c4 c5 3. Nf3 g6 4. Nc3 Bg7 5. d5 O-O 6. e4 d6 7. h3 e6 8. Bd3 exd5
9. cxd5 a6 10. a4 Re8 11. O-O Nbd7 12. Bf4 Bf8 13. Nd2 Nh5 14. Bh2 Qf6 15. Nc4
Rb8 16. f4 Qd4+ 17. Kh1 b5 18. axb5 axb5 19. Na5 c4 20. Bc2 Qxd1 21. Raxd1 b4
22. Ne2 Ba6 23. Rfe1 Bg7 24. g4 b3 25. Bxb3 cxb3 26. gxh5 Rxe4 27. Nc1 Rxe1+
28. Rxe1 Bxb2 29. Ncxb3 Nf6 30. hxg6 fxg6 31. Re6 Bd3 32. Rxd6 Be4+ 33. Kg1
Bxd5 34. f5 Rb5 35. fxg6 hxg6 36. Nc6 Bxc6 37. Rxc6 Rxb3 38. Kg2 Rd3 39. Rc2
Bc3 40. Bf4 Nd5 41. Bg5 Bf6 42. Bc1 Ne3+ 43. Bxe3 Rxe3 44. Ra2 Kf7 45. Rc2 Ke6
46. Rc6+ Kf5 47. Rc2 Be5 48. Rf2+ Kg5 49. Ra2 Rg3+ 50. Kf2 Rxh3 51. Ra5 Kf5 52.
Ra8 g5 53. Rg8 Rb3 54. Kg2 Kg4 55. Rg6 Rb2+ 56. Kg1 Bf4 0-1

[Event "SV Bochum-Linden 1 - SC Lünen Horstmar "]
[Site "Verbandsklasse, Gruppe 3 2017"]
[Date "2017.10.08"]
[Round "2.4"]
[White "Schaper, Steffen"]
[Black "Seref, Okan"]
[Result "1-0"]
[WhiteElo "1972"]
[BlackElo "1729"]
[PlyCount "97"]
[EventDate "2017.??.??"]

1. e4 c6 2. d4 d5 3. e5 Bf5 4. Nc3 e6 5. g4 Bg6 6. Nge2 h6 7. Nf4 Bh7 8. Bd3
Bxd3 9. Nxd3 Nd7 10. Be3 b6 11. f4 h5 12. f5 Qh4+ 13. Nf2 hxg4 14. fxe6 fxe6
15. Qxg4 Qxg4 16. Nxg4 Ne7 17. Ne2 Nf5 18. Kd2 Be7 19. Raf1 g5 20. Ng3 Rf8 21.
Rhg1 O-O-O 22. Nh5 Rf7 23. Nhf6 Rdf8 24. c3 Bxf6 25. exf6 Nd6 26. Ke2 Ne4 27.
Ne5 Rxf6 28. Rxf6 Rxf6 29. Nf3 Rf5 30. Nxg5 Nxg5 31. Rxg5 Rxg5 32. Bxg5 Nf8 33.
Kf3 Kd7 34. Kg4 Ke8 35. h4 Kf7 36. Bf4 Nd7 37. Bg5 Nf8 38. h5 Kg7 39. Kf4 Nd7
40. Be7 Kh6 41. Kg4 a6 42. b4 b5 43. Bd8 Nf8 44. Bg5+ Kg7 45. Be7 Nh7 46. Kf4
Kf7 47. Bh4 Ke8 48. Ke5 Kd7 49. h6 1-0

[Event "SV Bochum-Linden 1 - SC Lünen Horstmar "]
[Site "Verbandsklasse, Gruppe 3 2017"]
[Date "2017.10.08"]
[Round "2.5"]
[White "Atasoy, Tarik"]
[Black "Schmidt, Ralph"]
[Result "0-1"]
[WhiteElo "1753"]
[BlackElo "1898"]
[PlyCount "88"]
[EventDate "2017.??.??"]

1. e4 e5 2. Nf3 Nc6 3. d4 exd4 4. Nxd4 Nf6 5. Nc3 Bb4 6. Nxc6 bxc6 7. Bd3 O-O
8. O-O Re8 9. Bg5 h6 10. Bh4 g5 11. Bg3 Bxc3 12. bxc3 Nxe4 13. Qh5 Kg7 14. f4
Nf6 15. Qf3 g4 16. Qf2 Ne4 17. Qd4+ Qf6 18. Rfe1 Qxd4+ 19. cxd4 d5 20. Re3 f5
21. Be1 a5 22. Rb1 Re7 23. Rb3 Kf7 24. Ra3 a4 25. c4 dxc4 26. Bxc4+ Be6 27. Bb3
Nd6 28. Rxa4 Rxa4 29. Bxa4 Nb5 30. a3 Nxd4 31. Bb4 Rd7 32. Kf2 Nb5 33. Re5 Rd4
34. g3 Nxa3 35. Bxa3 Rxa4 36. Re3 Rc4 37. Re2 Rc3 38. Bb4 Rf3+ 39. Ke1 Rb3 40.
Ba5 Rb7 41. Bc3 c5 42. Kd2 c4 43. Ke3 Rb3 44. Kd4 c5+ 0-1